| 000 | 00968nam a2200289 a 4500 | ||
|---|---|---|---|
| 001 | 25712 | ||
| 003 | BD-RjUL | ||
| 005 | 20211209050921.0 | ||
| 008 | 140319t19901989ii b 001 0 eng d | ||
| 020 | _a8185195269 : | ||
| 035 | _a(BD-RjUL)25782 | ||
| 040 |
_aDLC _cDLC _dDLC _dBD-RjUL _beng |
||
| 041 | _aeng | ||
| 082 | 0 | 0 |
_a320.95414 _220 _bBAF 1990 |
| 100 | 1 |
_aBasu, Sajal. _978979 |
|
| 245 | 1 | 0 |
_aFactions, ideology, and politics : _bcoalition politics in Bengal / _cby Sajal Basu. |
| 260 |
_aCalcutta, India : _bMinerva Associates (Publications), _c1990, c1989. |
||
| 300 |
_axvi, 220 p. ; _c22 cm. |
||
| 500 | _aStudy with reference to Bengal. | ||
| 500 | _aIncludes index. | ||
| 504 | _aIncludes bibliographical references (p. [207]-216). | ||
| 651 | 0 |
_aWest Bengal (India) _xPolitics and government. _96175 |
|
| 651 | 0 |
_aBengal (India) _xPolitics and government. _978980 |
|
| 942 |
_2ddc _cBK |
||
| 999 |
_c25712 _d25712 |
||